Make time

Bibliographic Details
Main Author: Bosak, Susan V
Format: Book
Published: Kuala Lumpur : Utusan Publications & Distributors , 2006
Series:Science is...
Subjects:

MARC

LEADER 00000cam a2200000 7i4500
001 0000009065
005 20160330.0
008 080228
020 |a 9676115614 
090 0 0 |a 428.6   |b BOS 
100 1 |a Bosak, Susan V 
245 1 0 |a Make time   |c Susan V. Bosak 
260 |a Kuala Lumpur :   |b Utusan Publications & Distributors ,   |c 2006 
440 |a Science is... 
500 |a Teenager ages 13-18 years old (blue) 
650 0 |a Readers   |x Science 
999 |a 0001012856   |b Book   |c Teenagers   |e Perbadanan Perpustakaan Awam Johor 
999 |a 0001012859   |b Book   |c Teenagers   |e Perbadanan Perpustakaan Awam Johor 
999 |a 0001147679   |b Book   |c Adult Collection   |e Cawangan Segamat 
999 |a 0001147680   |b Book   |c Adult Collection   |e Cawangan Tmn. Ungku Tun Aminah